Влияние вмещающих пород на локализацию оруденения на золоторудных месторождениях Восточного Саяна; Известия Томского политехнического института [Известия ТПИ]; Т. 134 : Вопросы геологии месторождений золота Сибири

Bibliografiske detaljer
Parent link:Известия Томского политехнического института [Известия ТПИ]/ Томский политехнический институт (ТПИ).— , 1944-1976
Т. 134 : Вопросы геологии месторождений золота Сибири.— 1968.— [С. 111-119]
Hovedforfatter: Хазагаров А. М.
Summary:Заглавие с титульного листа
Электронная версия печатной публикации
Sprog:russisk
Udgivet: 1968
Serier:Саяно-Алтайская область
Fag:
Online adgang:Черно-белая версия для предварительного просмотра
Цветная версия без потери качества
Format: Electronisk Book Chapter
KOHA link:https://koha.lib.tpu.ru/cgi-bin/koha/opac-detail.pl?biblionumber=204734

MARC

LEADER 00000nla2a2200000 4500
001 204734
005 20231031190121.0
035 |a (RuTPU)RU\TPU\book\223173 
035 |a RU\TPU\book\223167 
090 |a 204734 
100 |a 20111130d1968 k y0rusy50 ca 
101 0 |a rus 
102 |a RU 
135 |a drnn ---uucaa 
181 0 |a i  
182 0 |a b 
200 1 |a Влияние вмещающих пород на локализацию оруденения на золоторудных месторождениях Восточного Саяна  |b Электронный ресурс  |f А. М. Хазагаров 
203 |a Текст  |c электронный 
215 |a 2 файла (554 Кб, 16.2 Мб) 
225 1 |a Саяно-Алтайская область 
230 |a Электронные текстовые данные (2 файла : 554 Кб, 16.2 Мб) 
300 |a Заглавие с титульного листа 
300 |a Электронная версия печатной публикации 
320 |a [Библиогр.: с. 119 (13 назв.)] 
337 |a Adobe Reader 
461 1 |0 (RuTPU)RU\TPU\book\200995  |t Известия Томского политехнического института [Известия ТПИ]  |f Томский политехнический институт (ТПИ)  |d 1944-1976 
463 1 |0 (RuTPU)RU\TPU\book\223135  |t Т. 134 : Вопросы геологии месторождений золота Сибири  |o материалы межвузовской конференции по золотоносности Сибири в г. Томске  |v [С. 111-119]  |d 1968  |p 240 с. 
610 1 |a электронный ресурс 
700 1 |a Хазагаров  |b А. М. 
801 1 |a RU  |b 63413507  |c 20090320  |g PSBO 
801 2 |a RU  |b 63413507  |c 20120227  |g PSBO 
856 4 |u http://www.lib.tpu.ru/fulltext/v/Bulletin_TPU/1968/v134/18_bw.pdf  |z Черно-белая версия для предварительного просмотра 
856 4 |u http://www.lib.tpu.ru/fulltext/v/Bulletin_TPU/1968/v134/18_full.pdf  |z Цветная версия без потери качества 
942 |c CF